| 000 | 00770nam a2200241 4500 | ||
|---|---|---|---|
| 999 |
_c34192 _d34192 |
||
| 001 | 361680 | ||
| 003 | ARRUPE | ||
| 005 | 20170801123029.0 | ||
| 008 | 701113s1970 nyu b 001 0 eng | ||
| 010 | _a 77114178 | ||
| 040 |
_aDLC _cDLC _dDLC |
||
| 050 | 0 | 0 |
_aB829.5 _b.Z34 |
| 082 | 0 | 0 | _a142/.7 |
| 100 | 1 |
_aZaner, Richard M. _914567 |
|
| 245 | 1 | 4 |
_aThe way of phenomenology; _bcriticism as a philosophical discipline _c[by] Richard M. Zaner. |
| 260 |
_aNew York, _bPegasus _c[1970] |
||
| 300 |
_axv, 223 p. _c21 cm. |
||
| 350 | _a$1.95 | ||
| 490 | 0 | _aPegasus traditions in philosophy | |
| 504 | _aIncludes bibliographical references. | ||
| 650 | 0 |
_aPhenomenology. _934224 |
|
| 906 |
_a7 _bcbc _corignew _d2 _encip _f19 _gy-gencatlg |
||
| 942 |
_2lcc _cMONOGRAPH |
||